| 000 | 00600nam a22002177a 4500 | ||
|---|---|---|---|
| 001 | 00028583 | ||
| 005 | 20260319175509.0 | ||
| 008 | 260318b ag ||||| |||| 00| 0 spa d | ||
| 020 | _a9875021059 | ||
| 040 |
_aAR-CcCEOS _bspa _cAR-CcCEOS |
||
| 041 | _aspa | ||
| 080 | _a101 | ||
| 090 | _bSOD | ||
| 100 |
_aJulio Soderini _9914 |
||
| 245 |
_aMaquiavelo : _bLas técnicas del poder / _cJulio Soderini |
||
| 260 |
_aBuenos Aires : _bDistal, _c2005. |
||
| 300 |
_a320 p. ; _c24x15 cm. |
||
| 650 | 0 |
_afilosofĂa _9153 |
|
| 942 |
_2udc _cBK _n0 |
||
| 999 |
_c28613 _d28613 |
||